Statistiques concernant Culture Générale - Série 1451

Cliquez ici pour prendre le quiz!

Statistiques générales

  • Ce quiz a été pris 86 fois
  • Le résultat moyen est 7 sur 10

Statistiques - réponses

QuestionRéponse% Correct
Une cavité qui se creuse dans une chaussée est familièrement appelée un nid-de-...poule
100%
A partir du lait de quel animal est fabriqué le chabichou ?chèvre
94%
Avant de s'intéresser au Soleil, à quel astre le poète Savinien de Cyrano de Bergerac a-t-il consacré un conte ?lune
90%
Quel sport, qui est également le nom du serment signé en juin 1789, est considéré comme l'ancêtre du tennis ?jeu de paume
85%
Dans les aventures de Tintin, quel est le seul détail physique qui permet de distinguer les Dupont et Dupond ?moustache
85%
Le pays voisin de l'État américain du Montana est le ...Canada
61%
Quel photographe, célèbre pour ses prises de vues aériennes, a réalisé le documentaire "Home", sorti en 2009 ?Yann Arthus-Bertrand
55%
En 1984, quel groupe de rock signe le tube “Radio Gaga” ?Queen
54%
Qui a écrit la nouvelle fantastique "La Vénus d'Ille", parue en 1837 ?Prosper Mérimée
20%
Quel est le premier pape à s'être installé en Avignon, en 1309 ?Clément V
19%

Distribution des résultats

Percentile par nombre de réponses

% des personnes avec chaque résultat

Votre développement - résultats

Vous n’avez pas pris ce quiz